Những ngày cuối cùng của Ủy ban trung ương Đảng Cộng sản Liên Xô /
Đã lưu trong:
| Tác giả chính: | |
|---|---|
| Tác giả khác: | , |
| Định dạng: | Sách giấy |
| Ngôn ngữ: | Vietnamese |
| Được phát hành: |
Hà Nội :
Công an Nhân dân ,
2000
|
| Các nhãn: |
Thêm thẻ
Không có thẻ, Là người đầu tiên thẻ bản ghi này!
|
| Thư viện lưu trữ: | Thư viện Trường Đại học Đà Lạt |
|---|
| LEADER | 00740nam a2200265 4500 | ||
|---|---|---|---|
| 001 | DLU020017511 | ||
| 005 | ##3/30/2001 | ||
| 020 | # | # | |a 978- |
| 041 | # | # | |a vie |
| 082 | # | # | |a 324.247 75 |b ZE-N |
| 100 | # | # | |a Zencovich, N.A. |
| 245 | # | # | |a Những ngày cuối cùng của Ủy ban trung ương Đảng Cộng sản Liên Xô / |c N.A. Zencovich; Lê Văn Thắng, Đinh Thị Hồng |
| 260 | # | # | |a Hà Nội : |b Công an Nhân dân , |c 2000 |
| 300 | # | # | |a 768 tr.; |c 19 cm. |
| 700 | # | # | |a Đinh Thị Hồng |e dịch |
| 700 | # | # | |a Lê Văn Thắng |e dịch |
| 992 | # | # | |a 61500 |
| 994 | # | # | |a DLU |
| 900 | # | # | |a False |
| 911 | # | # | |a Administrator |
| 925 | # | # | |a G |
| 926 | # | # | |a A |
| 927 | # | # | |a SH |
| 980 | # | # | |a Thư viện Trường Đại học Đà Lạt |